[Event "To All Our Heroes"]
[Site "SchemingMind.com"]
[Date "2006.09.17"]
[Round "-"]
[White "cnbcad"]
[Black "Andoni Zabala"]
[Result "0-1"]
[WhiteCountry "USA"]
[BlackCountry "INT"]
[WhiteElo "1455"]
[WhiteRD "52"]
[BlackElo "1689"]
[BlackRD "90"]
[GameID "67744"]

1. e4 c6 2. d4 d5 3. e5 Bf5 4. Nf3 e6 5. h3 Nd7 6. a3 h6 7. Bd3 Bxd3 8. Qxd3 Ne7 9. b4 a5 10. bxa5 Rxa5
11. Be3 Nf5 12. c3 Be7 13. Nbd2 Nxe3 14. Qxe3 Rxa3 15. Rxa3 Bxa3 16. O-O O-O 17. Nh2 Be7 18. Qg3 b6 19. f4 f5 20. exf6 Nxf6
21. f5 exf5 22. Rxf5 c5 23. Ng4 Nxg4 24. Qxg4 cxd4 25. cxd4 Rxf5 26. Qxf5 Bg5 27. Nf1 Qd6 28. Qc8+ Kf7 29. Qf5+ Bf6 30. Ne3 Qe6
31. Qf3 Qe4 32. Nxd5 Qxf3 33. gxf3 Bxd4+ 34. Kg2 g5 35. f4 b5 36. Kg3 Bc5 37. fxg5 hxg5 38. Kg4 Kg6 39. Nc3 b4 40. Ne4 b3
41. Nd2 b2 42. Nb1= Be3 43. h4 gxh4 44. Kxh4 Kf5 45. Kg3 Ke4 46. Kg2 Kd3 47. Kf1 Bd2 48. Kf2 Bb4
0-1

[Event "To All Our Heroes"]
[Site "SchemingMind.com"]
[Date "2006.09.17"]
[Round "-"]
[White "cnbcad"]
[Black "harrib"]
[Result "0-1"]
[WhiteCountry "USA"]
[BlackCountry "GER"]
[WhiteElo "1429"]
[WhiteRD "64"]
[BlackElo "1805"]
[BlackRD "176"]
[GameID "67745"]

1. e4 d6 2. d4 Nf6 3. Nc3 g6 4. Bg5 Bg7 5. e5 dxe5 6. dxe5 Ng4 7. Qxd8+ Kxd8 8. Nd5 Nc6 9. O-O-O Nxf2 10. Nb6+ Nxd1
11. Nxa8 Nf2 12. e6 Bxe6 13. Bf4 Be5 14. Nh3 Nxh1 15. b3 Bxh3
0-1

[Event "To All Our Heroes"]
[Site "SchemingMind.com"]
[Date "2006.09.17"]
[Round "-"]
[White "cnbcad"]
[Black "timroberts"]
[Result "0-1"]
[WhiteCountry "USA"]
[BlackCountry "USA"]
[WhiteElo "1329"]
[WhiteRD "71"]
[BlackElo "1718"]
[BlackRD "165"]
[GameID "67746"]

1. e4 e5 2. Nf3 Nc6 3. Bc4 Nf6 4. d4 exd4 5. Bxf7+ Kxf7 6. Ng5+ Ke8 7. c3 dxc3 8. Qb3 d5 9. bxc3 Qe7 10. O-O h6
11. Bd2 hxg5 12. exd5 Qd6 13. dxc6 Qxh2#
0-1

[Event "To All Our Heroes"]
[Site "SchemingMind.com"]
[Date "2006.09.17"]
[Round "-"]
[White "cnbcad"]
[Black "Lee Shuck"]
[Result "1-0"]
[WhiteCountry "USA"]
[BlackCountry "ENG"]
[WhiteElo "1429"]
[WhiteRD "64"]
[BlackElo "1228"]
[BlackRD "70"]
[GameID "67747"]

1. e4 c6 2. d4 d5 3. e5 g6 4. Nf3 e6 5. Nc3 Bb4 6. Bd2 Ne7 7. a3 Ba5 8. Ng5 Nf5 9. Be3 Nd7 10. Bd3 Nxe3
11. Qf3 Qxg5 12. fxe3 Rf8 13. h4 Qh5 14. g4 Qh6 15. O-O-O Nb6 16. g5 Qh5 17. Qxh5 gxh5 18. Bxh7 Nc4 19. Ne2 Bd2+ 20. Rxd2 Nxd2
21. Kxd2 Rh8 22. g6 fxg6 23. Bxg6+ Kd8 24. Nf4 Bd7 25. Bxh5 b5 26. Bf7 Be8 27. Bxe6 a5 28. h5 a4 29. h6 Ra7 30. Bf5 Rf7
31. Ng6 Rg8 32. h7 Rxh7 33. Rxh7 Bxg6 34. Bxg6 Rxg6 35. b3 Rg2+ 36. Kd3 Rg8 37. e6 Re8= 38. Rh6 Re7 39. bxa4 bxa4 40. Kc3 Re8=
41. Kb4
1-0

[Event "To All Our Heroes"]
[Site "SchemingMind.com"]
[Date "2006.09.17"]
[Round "-"]
[White "cnbcad"]
[Black "vertho"]
[Result "0-1"]
[WhiteCountry "USA"]
[BlackCountry "NOR"]
[WhiteElo "1519"]
[WhiteRD "56"]
[BlackElo "1747"]
[BlackRD "97"]
[GameID "67748"]

1. e4 e5 2. Nf3 Nc6 3. Bc4 Be7 4. d4 d6 5. Bb5 Bd7 6. d5 Nd4 7. Nxd4 a6 8. Bxd7+ Qxd7 9. Nf5 Bf6 10. c4 Ne7
11. Qg4 Nxf5 12. exf5 g6 13. O-O gxf5 14. Qh3 O-O-O 15. Nc3 Rhg8 16. Bh6 Kb8 17. b4 Rg4 18. b5 Rh4 19. Qe3 f4 20. Bxf4 exf4
21. Qf3 axb5 22. Rab1 bxc4 23. Nb5 Qf5 24. Qa3 Qxd5 25. Qa7+ Kc8 26. Rfd1 Qc6 27. Qa4 Kd7 28. Qc2 Rh5 29. Na7 Qa6 30. Nb5 Rxb5
31. Qxh7 Rxb1 32. Qxf7+ Kc8 33. Rxb1 Qxa2 34. Qe6+ Kb8 35. Qe4 d5 36. Qe1 Bd4 37. Kh1 Bxf2 38. Qd1 c3 39. Ra1 Qb2 40. h3 c2
0-1

[Event "To All Our Heroes"]
[Site "SchemingMind.com"]
[Date "2006.09.17"]
[Round "-"]
[White "cnbcad"]
[Black "MARISCAL"]
[Result "0-1"]
[WhiteCountry "USA"]
[BlackCountry "ESP"]
[WhiteElo "1484"]
[WhiteRD "60"]
[BlackElo "2108"]
[BlackRD "134"]
[GameID "67749"]

1. e4 e6 2. d4 d5 3. e5 c5 4. c3 Nc6 5. Nf3 Qb6 6. a3 c4 7. b4 cxb3 8. Bb2 Na5 9. Nbd2 Bd7 10. Be2 Rc8
11. O-O Ne7 12. Ng5 Ng6 13. Bh5 Be7 14. Ndf3 Nc4 15. Rb1 a5 16. Qc1 a4 17. Re1 Qc7 18. Bxg6 hxg6 19. Qf4 f6 20. g3 Nxb2
21. Rxb2 Bxa3 22. Rbb1 fxg5 23. Nxg5 Rf8 24. Qg4 Qxc3 25. Re3 Qc2 26. Rf1 Bc1 27. Rf3 Rxf3 28. Qxf3 Bxg5
0-1

[Event "To All Our Heroes"]
[Site "SchemingMind.com"]
[Date "2006.09.17"]
[Round "-"]
[White "Andoni Zabala"]
[Black "cnbcad"]
[Result "1-0"]
[WhiteCountry "INT"]
[BlackCountry "USA"]
[WhiteElo "1701"]
[WhiteRD "93"]
[BlackElo "1484"]
[BlackRD "60"]
[GameID "67750"]

1. e4 e5 2. Nf3 Nc6 3. Bc4 Bc5 4. O-O Nf6 5. d3 Nd4 6. c3 Nxf3+ 7. Qxf3 h6 8. b4 Bb6 9. a4 a6 10. a5 Ba7
11. h3 c6 12. Ba3 O-O 13. b5 d6 14. b6 Bb8 15. d4 Re8 16. Nd2 d5 17. Bd3 exd4 18. cxd4 dxe4 19. Nxe4 Nd5 20. Bc5 Be6
21. Rfe1 Qd7 22. Rac1 Nf4 23. Bb1 Bxh3 24. Nf6+ gxf6 25. Rxe8+ Qxe8 26. gxh3 Ne2+ 27. Kf1 Nxc1 28. Qf5 Qe2+ 29. Kg2
1-0

[Event "To All Our Heroes"]
[Site "SchemingMind.com"]
[Date "2006.09.17"]
[Round "-"]
[White "harrib"]
[Black "cnbcad"]
[Result "1-0"]
[WhiteCountry "GER"]
[BlackCountry "USA"]
[WhiteElo "1914"]
[WhiteRD "133"]
[BlackElo "1484"]
[BlackRD "60"]
[GameID "67751"]

1. d4 d5 2. Nf3 Nf6 3. c4 dxc4 4. e3 b5 5. a4 c6 6. b3 cxb3 7. axb5 cxb5 8. Qxb3 a6 9. Bxb5+ Bd7 10. Bc4 e6
11. O-O Be7 12. Nc3 O-O 13. Ba3 Nc6 14. Bxe7 Qxe7 15. Bxa6 Rab8 16. Qa3 Qxa3 17. Rxa3 Ra8 18. Rfa1 Rfb8 19. h3 Nd5 20. Nxd5 exd5
21. Bf1 Rxa3 22. Rxa3 h6 23. Nd2 Rb2 24. Nb3 Rb1 25. Nc5 Bf5 26. g4 Be4 27. Nxe4 dxe4 28. Ra8+ Kh7 29. Re8 Nb4 30. Kg2 Nc2
31. Rxe4 Ne1+ 32. Kg3 Nc2 33. Bd3 Rb2 34. Re7+ g6 35. Rxf7+ Kg8 36. Rf6
1-0

[Event "To All Our Heroes"]
[Site "SchemingMind.com"]
[Date "2006.09.17"]
[Round "-"]
[White "timroberts"]
[Black "cnbcad"]
[Result "1-0"]
[WhiteCountry "USA"]
[BlackCountry "USA"]
[WhiteElo "1718"]
[WhiteRD "165"]
[BlackElo "1329"]
[BlackRD "71"]
[GameID "67752"]

1. e4 e5 2. Nf3 Nc6 3. Bc4 Bc5 4. b4 Bxf2+ 5. Kxf2 Qf6 6. Rf1 Nd4 7. Kg1 d5 8. Nxd4 Qg6 9. Bxd5 Nf6 10. Nf3 Bh3
11. Bxf7+ Ke7 12. Bxg6
1-0

[Event "To All Our Heroes"]
[Site "SchemingMind.com"]
[Date "2006.09.17"]
[Round "-"]
[White "Lee Shuck"]
[Black "cnbcad"]
[Result "0-1"]
[WhiteCountry "ENG"]
[BlackCountry "USA"]
[WhiteElo "1228"]
[WhiteRD "70"]
[BlackElo "1429"]
[BlackRD "64"]
[GameID "67753"]

1. e4 e5 2. Nf3 Nc6 3. Bb5 a6 4. Ba4 Nf6 5. d3 Nd4 6. Nxe5 b5 7. Bb3 Nxb3 8. cxb3 d6 9. Nf3 c5 10. Bg5 h6
11. Bh4 Be7 12. Nc3 Be6 13. O-O Bg4 14. Nd5 Nxd5 15. exd5 Bxh4 16. Re1+ Be7 17. h3 Bh5 18. g4 Bg6 19. h4 Qd7 20. g5 hxg5
21. hxg5 Qg4+ 22. Kf1 O-O-O 23. Rxe7 Rh1+ 24. Ke2 Rxd1 25. Rxd1 Bh5 26. Re4 Qxf3+ 27. Kd2 Qxd1+ 28. Ke3 f5 29. Re7 Qe2+
0-1

[Event "To All Our Heroes"]
[Site "SchemingMind.com"]
[Date "2006.09.17"]
[Round "-"]
[White "vertho"]
[Black "cnbcad"]
[Result "1-0"]
[WhiteCountry "NOR"]
[BlackCountry "USA"]
[WhiteElo "1709"]
[WhiteRD "131"]
[BlackElo "1429"]
[BlackRD "64"]
[GameID "67754"]

1. e4 e5 2. Nf3 Nc6 3. d4 exd4 4. Nxd4 Nxd4 5. Qxd4 b6 6. Nc3 Qf6 7. Be3 Qxd4 8. Bxd4 Bb7 9. O-O-O f6 10. f3 Bb4
11. Nb5 Bd6 12. Bc4 a6 13. Nxd6+ cxd6 14. Bxb6 Ne7 15. Rd3 a5 16. Rhd1 d5 17. exd5 Ba6 18. Rd4 Bxc4 19. Rxc4 O-O 20. Re4 Nf5
21. g4 Nd6 22. Re2 Nc4 23. Bc5 d6 24. b3 dxc5 25. bxc4 a4 26. d6 Ra7 27. d7
1-0

[Event "To All Our Heroes"]
[Site "SchemingMind.com"]
[Date "2006.09.17"]
[Round "-"]
[White "MARISCAL"]
[Black "cnbcad"]
[Result "1-0"]
[WhiteCountry "ESP"]
[BlackCountry "USA"]
[WhiteElo "2054"]
[WhiteRD "149"]
[BlackElo "1429"]
[BlackRD "64"]
[GameID "67755"]

1. e4 e5 2. Nf3 Nc6 3. Nc3 Bc5 4. Nxe5 Nxe5 5. d4 Bxd4 6. Qxd4 d6 7. Bf4 Nc6 8. Qxg7 Qf6 9. Qxf6 Nxf6 10. Bg5 Ng4
11. Nd5 Kd7 12. Be2 Nd4 13. Bxg4+ Ne6 14. O-O-O Rg8 15. Nf6+
1-0

[Event "To All Our Heroes"]
[Site "SchemingMind.com"]
[Date "2006.09.17"]
[Round "-"]
[White "beebparis"]
[Black "cnbcad"]
[Result "0-1"]
[WhiteCountry "USA"]
[BlackCountry "USA"]
[WhiteElo "1130"]
[WhiteRD "111"]
[BlackElo "1455"]
[BlackRD "52"]
[GameID "67771"]

1. Nf3 d5 2. e4 dxe4 3. Ne5 f6 4. Nc4 f5 5. Nc3 Nf6 6. Ne5 e6 7. Bb5+ c6 8. Ba4 Bd6 9. Nc4 Bb4 10. O-O b5
11. Bb3 bxc4 12. Bxc4 Bc5 13. b4 Bxf2+ 14. Kxf2 Qd4+ 15. Ke1 Qxc4 16. g4 Ba6 17. b5 cxb5 18. g5 b4 19. d3 Qxc3+ 20. Bd2 Qd4
21. gxf6 Qxf6 22. Rb1 exd3 23. Bxb4 dxc2 24. Qxc2 Qe5+
0-1

[Event "To All Our Heroes"]
[Site "SchemingMind.com"]
[Date "2006.09.17"]
[Round "-"]
[White "beebparis"]
[Black "Andoni Zabala"]
[Result "0-1"]
[WhiteCountry "USA"]
[BlackCountry "INT"]
[WhiteElo "1166"]
[WhiteRD "116"]
[BlackElo "1668"]
[BlackRD "92"]
[GameID "67772"]

1. Nf3 d5 2. e4 c6 3. Ne5 Nf6 4. exd5 Qxd5 5. f4 Nbd7 6. b3 Nxe5 7. fxe5 Bg4 8. Be2 Qxe5 9. Nc3 Rd8 10. d3 Bxe2
11. Nxe2 Qxa1 12. O-O Qe5 13. Ng3 e6
0-1

[Event "To All Our Heroes"]
[Site "SchemingMind.com"]
[Date "2006.09.17"]
[Round "-"]
[White "beebparis"]
[Black "harrib"]
[Result "0-1"]
[WhiteCountry "USA"]
[BlackCountry "GER"]
[WhiteElo "1130"]
[WhiteRD "111"]
[BlackElo "1960"]
[BlackRD "129"]
[GameID "67773"]

1. Nf3 Nf6 2. Nd4 e5 3. Nf5 d5 4. e4 Nxe4 5. d3 Nxf2 6. Kxf2 Bxf5 7. g4 Qh4+ 8. Ke2 Bxg4+ 9. Kd2 Bxd1 10. Kxd1 Bc5
11. b4 Qxb4 12. c3 Qa4+ 13. Ke1 Qc2 14. d4 Qxc1+ 15. Kf2 exd4 16. Bb5+ c6 17. Ba4 Qxh1 18. h4 dxc3+ 19. Kg3 Qe1+ 20. Kf3 f5
21. h5 Qe4+
0-1

[Event "To All Our Heroes"]
[Site "SchemingMind.com"]
[Date "2006.09.17"]
[Round "-"]
[White "beebparis"]
[Black "timroberts"]
[Result "0-1"]
[WhiteCountry "USA"]
[BlackCountry "USA"]
[WhiteElo "1268"]
[WhiteRD "128"]
[BlackElo "1718"]
[BlackRD "165"]
[GameID "67774"]

1. Nf3 Nf6 2. Nc3 c5 3. d4 Nc6 4. Bf4 e6 5. Ne5 cxd4 6. Nb5 Qa5+ 7. c3 Qxb5 8. cxd4 Qxb2 9. e4 Bb4+ 10. Bd2 Bxd2+
11. Qxd2 Qxa1+ 12. Qd1 Qxd4 13. Nd3 Nxe4 14. f3 Nc3 15. Qe2 Nxe2 16. Kxe2 b6 17. g4 Ba6 18. Ke1 Bxd3 19. f4 Qe3+ 20. Kd1 Nd4
21. Bxd3 Qxd3+ 22. Kc1 Qc2#
0-1

[Event "To All Our Heroes"]
[Site "SchemingMind.com"]
[Date "2006.09.17"]
[Round "-"]
[White "beebparis"]
[Black "Lee Shuck"]
[Result "0-1"]
[WhiteCountry "USA"]
[BlackCountry "ENG"]
[WhiteElo "1190"]
[WhiteRD "114"]
[BlackElo "1228"]
[BlackRD "70"]
[GameID "67775"]

1. Nf3 d5 2. e4 Nf6 3. Ne5 dxe4 4. Nc3 Qd4 5. f4 Bg4 6. Bb5+ c6 7. Ba4 b5 8. Bb3 Nbd7 9. Nxc6 Qd6 10. Na5 Bxd1
11. Kxd1 Ng4 12. Nxb5 Qxf4 13. g3 Qf3+ 14. Ke1 Qxh1+ 15. Ke2 Nxh2 16. d3 Nf6 17. Nc6 Qf1+ 18. Ke3 Rc8 19. Ncxa7 Rc5 20. Kd4 Rxc2
21. Bxc2 Nf3+ 22. Kc4 e6 23. Bg5 Qxa1 24. Nc7+ Kd7 25. Ba4+ Kxc7 26. Bf4+ Kb7 27. Nc6 Qxa2+ 28. b3 Qc2+ 29. Kb5 Qxc6+ 30. Ka5 Qb6#
0-1

[Event "To All Our Heroes"]
[Site "SchemingMind.com"]
[Date "2006.09.17"]
[Round "-"]
[White "beebparis"]
[Black "vertho"]
[Result "0-1"]
[WhiteCountry "USA"]
[BlackCountry "NOR"]
[WhiteElo "1130"]
[WhiteRD "111"]
[BlackElo "1742"]
[BlackRD "96"]
[GameID "67776"]

1. Nf3 d5 2. e4 dxe4 3. Ne5 Nf6 4. Bb5+ c6 5. Ba4 e6 6. Qe2 Bd6 7. O-O Bxe5 8. Nc3 Qc7 9. d4 Bxh2+ 10. Kh1 O-O
11. f4 exf3 12. gxf3 Bf4 13. Bxf4 Qxf4 14. Qf2 b5 15. Bb3 Nbd7 16. d5 exd5 17. Rg1 Ba6 18. Rae1 b4 19. Qg2 g6 20. Ne4 dxe4
21. fxe4 Rae8 22. e5 Nxe5 23. Rgf1 Bxf1 24. Rxf1 Qe3 25. Rxf6 Ng4 26. Qxg4 Qe1+ 27. Kh2 Re2+ 28. Kh3 Qh1+ 29. Kg3 Rg2+ 30. Kf4 Qh2+
31. Kf3 Rxg4 32. Kxg4 Qg2+ 33. Kf4 Qf2+
0-1

[Event "To All Our Heroes"]
[Site "SchemingMind.com"]
[Date "2006.09.17"]
[Round "-"]
[White "beebparis"]
[Black "MARISCAL"]
[Result "0-1"]
[WhiteCountry "USA"]
[BlackCountry "ESP"]
[WhiteElo "1130"]
[WhiteRD "111"]
[BlackElo "2109"]
[BlackRD "141"]
[GameID "67777"]

1. Nf3 d5 2. e4 dxe4 3. Ne5 Qd5 4. Nc4 Nf6 5. b3 Bf5 6. d3 exd3 7. Bxd3 Qxg2 8. Rf1 Bxd3 9. Qxd3 Nc6 10. Nc3 Rd8
11. Qf5 Nd4 12. Qe5 Nf3+ 13. Ke2 Nxe5 14. Nxe5 Qxh2 15. Bg5 Qxe5+ 16. Kf3 Qxc3+ 17. Be3 Qxc2 18. Rac1 Qe4+ 19. Kg3 Nh5+ 20. Kh3 Qf3+
21. Kh2 Nf4 22. Bxf4 Qxf4+ 23. Kg2 Qg4+
0-1

[Event "To All Our Heroes"]
[Site "SchemingMind.com"]
[Date "2006.09.17"]
[Round "-"]
[White "cnbcad"]
[Black "beebparis"]
[Result "1-0"]
[WhiteCountry "USA"]
[BlackCountry "USA"]
[WhiteElo "1429"]
[WhiteRD "64"]
[BlackElo "1190"]
[BlackRD "114"]
[GameID "67778"]

1. e4 e5 2. Nf3 Bb4 3. c3 Nf6 4. cxb4 Qe7 5. Qb3 O-O 6. d3 Ng4 7. h3 Nh6 8. Bxh6 gxh6 9. Nbd2 Qd6 10. Nc4 Qa6
11. Ncxe5 d6 12. Nxf7 Rxf7 13. d4 Qb6 14. Bc4 Nc6 15. Bxf7+ Kf8 16. Bg8 Ke7 17. Qf7+ Kd8 18. Qf6+ Kd7 19. Be6+ Ke8 20. Qf7+ Kd8
21. Qf8#
1-0

[Event "To All Our Heroes"]
[Site "SchemingMind.com"]
[Date "2006.09.17"]
[Round "-"]
[White "Andoni Zabala"]
[Black "beebparis"]
[Result "1-0"]
[WhiteCountry "INT"]
[BlackCountry "USA"]
[WhiteElo "1668"]
[WhiteRD "92"]
[BlackElo "1166"]
[BlackRD "116"]
[GameID "67779"]

1. e4 e5 2. Nf3 Nf6 3. d4 exd4 4. Bd3 Nc6 5. O-O Ng4 6. Nxd4 Nxd4 7. Qxg4 d5 8. Qd1 Bd6 9. c3 Qh4 10. g3 Nf3+
11. Qxf3 dxe4 12. Bxe4 Bh3 13. gxh4
1-0

[Event "To All Our Heroes"]
[Site "SchemingMind.com"]
[Date "2006.09.17"]
[Round "-"]
[White "harrib"]
[Black "beebparis"]
[Result "1-0"]
[WhiteCountry "GER"]
[BlackCountry "USA"]
[WhiteElo "1960"]
[WhiteRD "129"]
[BlackElo "1130"]
[BlackRD "111"]
[GameID "67780"]

1. d4 Nf6 2. c4 Nc6 3. Nc3 e5 4. d5 Nd4 5. e3 Nf5 6. Bd3 g6 7. Qc2 Bb4 8. Bxf5 gxf5 9. Qxf5 d6 10. Qc2 O-O
11. Bd2 Ng4 12. h3 Nf6 13. Nf3 b5 14. Nxb5 c6 15. dxc6 Qa5 16. Nxd6 Be6 17. O-O Bxd2 18. Qxd2 Qc7 19. Nxe5 Qxc6 20. Nxc6 Bxc4
21. Nxc4
1-0

[Event "To All Our Heroes"]
[Site "SchemingMind.com"]
[Date "2006.09.17"]
[Round "-"]
[White "timroberts"]
[Black "beebparis"]
[Result "1-0"]
[WhiteCountry "USA"]
[BlackCountry "USA"]
[WhiteElo "1550"]
[WhiteRD "77"]
[BlackElo "1127"]
[BlackRD "115"]
[GameID "67781"]

1. e4 e5 2. Nf3 Bb4 3. c3 Ba5 4. Bc4 Nf6 5. O-O O-O 6. d3 Ng4 7. d4 exd4 8. cxd4 d5 9. Bxd5 Re8 10. Ng5 c6
11. Bxf7+ Kf8 12. Bxe8 Kxe8 13. h3 Nf6 14. Be3 h6 15. Nf3 Bc7 16. Nc3 g5 17. Nd2 Qd6 18. e5 Qb4 19. exf6 Qd6 20. Qh5+ Kd8
21. Nf3 g4 22. hxg4 Nd7 23. Bxh6 Nxf6 24. Bg5 Kd7 25. Qf7+ Qe7 26. Qxf6 Qxf6 27. Bxf6 Ke6 28. Bg5 c5 29. Rfe1+ Kd6 30. dxc5+ Kxc5
31. Ne4+ Kd5 32. Rad1+ Kc4 33. b3+ Kb4 34. Be7+ Kb5 35. Rd5+ Kc6 36. Rc5+ Kb6 37. Nfd2 Bxg4 38. Nc4+ Ka6 39. Rxc7
1-0

[Event "To All Our Heroes"]
[Site "SchemingMind.com"]
[Date "2006.09.17"]
[Round "-"]
[White "Lee Shuck"]
[Black "beebparis"]
[Result "1-0"]
[WhiteCountry "ENG"]
[BlackCountry "USA"]
[WhiteElo "1299"]
[WhiteRD "60"]
[BlackElo "1130"]
[BlackRD "111"]
[GameID "67782"]

1. e4 e5 2. f4 Bc5 3. Nf3 c6 4. Nxe5 Qh4+ 5. g3 Qh6 6. Ng4 Qh5 7. Be2 f5 8. Ne3 Qh3 9. Bf1 Qh6 10. exf5 Nf6
11. Qe2 Na6 12. b3 O-O 13. c3 d5 14. a4 Ne4 15. Na3 g5 16. Ng4 Qh5 17. d4 Bb6 18. fxg5 Rxf5 19. c4 Bxd4 20. Ra2 Qxg5
21. Bxg5 Rxg5 22. Bh3 Nb4 23. Rb2 Bf2+ 24. Nxf2 Nxf2 25. Qxf2 Bxh3 26. Qf4 Re8+ 27. Kd1 Rge5 28. Qh4 Bf5 29. Nc2 Nd3 30. Qg5+ Kf8
31. Qc1 Bg4+ 32. Kd2 Nf2 33. Rf1
1-0

[Event "To All Our Heroes"]
[Site "SchemingMind.com"]
[Date "2006.09.17"]
[Round "-"]
[White "vertho"]
[Black "beebparis"]
[Result "1-0"]
[WhiteCountry "NOR"]
[BlackCountry "USA"]
[WhiteElo "1709"]
[WhiteRD "131"]
[BlackElo "1190"]
[BlackRD "114"]
[GameID "67783"]

1. e4 e5 2. Nf3 Bb4 3. a3 Nf6 4. axb4 Nxe4 5. d3 O-O 6. dxe4 Qe8 7. Bc4 d5 8. Bxd5 c6 9. Bb3 Na6 10. Bd2 Bg4
11. O-O Rd8 12. Qe2 b5 13. c3 Qe7 14. Be3 g5 15. Rxa6 Qf6 16. Nbd2 Qg7 17. Rxa7 Bxf3 18. Nxf3 g4 19. Ng5 g3 20. fxg3 c5
21. Ne6 Qg6 22. Nxd8 Rxd8 23. Bxf7+ Qxf7 24. Rfxf7 h5 25. Qxh5 Rd1+ 26. Kf2 cxb4 27. Qh7#
1-0

[Event "To All Our Heroes"]
[Site "SchemingMind.com"]
[Date "2006.09.17"]
[Round "-"]
[White "MARISCAL"]
[Black "beebparis"]
[Result "1-0"]
[WhiteCountry "ESP"]
[BlackCountry "USA"]
[WhiteElo "2054"]
[WhiteRD "149"]
[BlackElo "1190"]
[BlackRD "114"]
[GameID "67784"]

1. e4 e5 2. Nf3 Bb4 3. c3 Ba5 4. Bc4 Nc6 5. O-O Nf6 6. d4 exd4 7. cxd4 O-O 8. e5 Ne4 9. Bd5 d6 10. Bxe4 g6
11. Bxc6 bxc6 12. Bg5 Qd7 13. Bf6 dxe5 14. Qc1 e4 15. Qh6 Qf5 16. Qg7#
1-0

[Event "To All Our Heroes"]
[Site "SchemingMind.com"]
[Date "2006.09.17"]
[Round "-"]
[White "Rony Pramanik"]
[Black "harrib"]
[Result "0-1"]
[WhiteCountry "IND"]
[BlackCountry "GER"]
[WhiteElo "1192"]
[WhiteRD "122"]
[BlackElo "1921"]
[BlackRD "134"]
[GameID "67790"]

1. e4 d6 2. Nf3 Nf6 3. Nc3 g6 4. Bc4 Bg7 5. e5 dxe5 6. Nxe5 O-O 7. d4 c6 8. a4 Nbd7 9. f4 Nb6 10. Bb3 Nbd5
11. Nxd5 cxd5 12. O-O Ne4 13. c3 Be6
0-1

[Event "To All Our Heroes"]
[Site "SchemingMind.com"]
[Date "2006.09.17"]
[Round "-"]
[White "Rony Pramanik"]
[Black "beebparis"]
[Result "0-1"]
[WhiteCountry "IND"]
[BlackCountry "USA"]
[WhiteElo "1192"]
[WhiteRD "130"]
[BlackElo "1127"]
[BlackRD "115"]
[GameID "67791"]

1. e4 e5 2. Nf3 Bb4 3. Bc4 Nc6 4. c3 Bc5 5. d4 exd4 6. cxd4 Bxd4 7. Nxd4 Nb4 8. Qb3 a5 9. a3 a4 10. Qxb4 c5
11. Qxc5 d6 12. Bb5+ Bd7
0-1

[Event "To All Our Heroes"]
[Site "SchemingMind.com"]
[Date "2006.09.17"]
[Round "-"]
[White "Rony Pramanik"]
[Black "timroberts"]
[Result "0-1"]
[WhiteCountry "IND"]
[BlackCountry "USA"]
[WhiteElo "1192"]
[WhiteRD "122"]
[BlackElo "1768"]
[BlackRD "110"]
[GameID "67792"]

1. e4 e5 2. Nf3 Nc6 3. Bc4 Nf6 4. d3 Bc5 5. O-O d6 6. Bg5 Bg4 7. c3 h6 8. Be3 Qd7 9. Nbd2 O-O 10. b4 Bb6
11. Qb3 Rae8 12. Nh4 Kh7 13. Bxb6 axb6 14. f4 exf4 15. Rxf4 Ne5 16. Re1 b5 17. Qb1 bxc4 18. Nxc4 Nxc4 19. dxc4 Kg8
0-1

[Event "To All Our Heroes"]
[Site "SchemingMind.com"]
[Date "2006.09.17"]
[Round "-"]
[White "Rony Pramanik"]
[Black "Lee Shuck"]
[Result "0-1"]
[WhiteCountry "IND"]
[BlackCountry "ENG"]
[WhiteElo "1192"]
[WhiteRD "122"]
[BlackElo "1287"]
[BlackRD "65"]
[GameID "67793"]

1. e4 e5 2. Nf3 d6 3. Bc4 Bg4 4. h3 Bh5 5. Nc3 Nc6 6. g4 Bg6 7. d3 Nh6 8. Be3 a5 9. h4 Nxg4 10. h5 Bxh5
11. Rxh5 Qd7 12. Ng5 Nf6 13. Bxf7+ Kd8 14. Be6 Qe7 15. Nd5 Qe8 16. Nf7+ Qxf7 17. Bxf7 Nxh5 18. Qxh5 h6 19. Be6 b6 20. Qf7 Ne7
0-1

[Event "To All Our Heroes"]
[Site "SchemingMind.com"]
[Date "2006.09.17"]
[Round "-"]
[White "Rony Pramanik"]
[Black "vertho"]
[Result "1-0"]
[WhiteCountry "IND"]
[BlackCountry "NOR"]
[WhiteElo "1543"]
[WhiteRD "231"]
[BlackElo "1580"]
[BlackRD "190"]
[GameID "67794"]

1. e4 c5 2. c3 d5 3. Bb5+ Bd7 4. Bxd7+ Qxd7 5. e5 Nc6 6. d4 f6 7. f4 fxe5 8. fxe5 e6 9. Ne2 O-O-O 10. O-O Nge7
11. Nd2 cxd4 12. cxd4 Nf5 13. Nf3 h6 14. g4 Nfe7 15. b4 Nxb4 16. Rb1 Nbc6 17. Bd2 g5 18. Ne1 Bg7 19. Nd3 b6 20. a4 Ng6
21. Qc2 Rhf8 22. Rfc1 Kc7 23. Nb4 Ne7 24. Nxc6 Qxc6 25. Qd3 a5 26. Rxc6+ Nxc6 27. Qb5 Rb8 28. Rc1 Kd8 29. Qxc6
1-0

[Event "To All Our Heroes"]
[Site "SchemingMind.com"]
[Date "2006.09.17"]
[Round "-"]
[White "Rony Pramanik"]
[Black "MARISCAL"]
[Result "0-1"]
[WhiteCountry "IND"]
[BlackCountry "ESP"]
[WhiteElo "1306"]
[WhiteRD "144"]
[BlackElo "2108"]
[BlackRD "134"]
[GameID "67795"]

1. e4 e6 2. d4 d5 3. exd5 exd5 4. Be3 Nf6 5. Be2 Bd6 6. Nc3 O-O 7. Bf3 c6 8. Nge2 Re8 9. Qd3 Nbd7 10. O-O-O b5
11. g4 b4 12. Na4 Qa5 13. b3 Nb6 14. Nc5 Bxc5 15. dxc5 Nbd7 16. Qd4 Ne5 17. g5 Nxf3 18. Qf4 Qxa2
0-1

[Event "To All Our Heroes"]
[Site "SchemingMind.com"]
[Date "2006.09.17"]
[Round "-"]
[White "harrib"]
[Black "Rony Pramanik"]
[Result "1-0"]
[WhiteCountry "GER"]
[BlackCountry "IND"]
[WhiteElo "1921"]
[WhiteRD "134"]
[BlackElo "1192"]
[BlackRD "122"]
[GameID "67798"]

1. d4 Nf6 2. Nf3 b6 3. c4 e6 4. g3 d6 5. Bg2 Bb7 6. Nc3 Be7 7. O-O Nbd7 8. Re1 d5 9. cxd5 exd5 10. Bd2 O-O
11. Rc1 c5 12. Qc2 cxd4 13. Nxd4
1-0

[Event "To All Our Heroes"]
[Site "SchemingMind.com"]
[Date "2006.09.17"]
[Round "-"]
[White "beebparis"]
[Black "Rony Pramanik"]
[Result "1-0"]
[WhiteCountry "USA"]
[BlackCountry "IND"]
[WhiteElo "1127"]
[WhiteRD "115"]
[BlackElo "1192"]
[BlackRD "130"]
[GameID "67799"]

1. e4 e5 2. Nf3 Nc6 3. Nc3 Bc5 4. Bb5 Nge7 5. O-O d6 6. Ba4 Bg4 7. b4 Bxb4 8. Nb5 a6 9. a3 axb5 10. Bxb5 Bc5
11. Ba4 Rxa4 12. Qe1
1-0

[Event "To All Our Heroes"]
[Site "SchemingMind.com"]
[Date "2006.09.17"]
[Round "-"]
[White "timroberts"]
[Black "Rony Pramanik"]
[Result "1-0"]
[WhiteCountry "USA"]
[BlackCountry "IND"]
[WhiteElo "1768"]
[WhiteRD "110"]
[BlackElo "1192"]
[BlackRD "122"]
[GameID "67800"]

1. e4 d6 2. d4 Nf6 3. Nc3 g6 4. f4 Bg7 5. Nf3 Bg4 6. Be2 Nbd7 7. Be3 O-O 8. O-O e6 9. Qd2 d5 10. e5 Ne4
11. Nxe4 dxe4 12. Ng5 Bxe2 13. Qxe2 Re8 14. Nxe4 f5 15. Nc3 c6 16. Na4 Qa5 17. Nc3 c5 18. Nb5 Bf8 19. Rad1
1-0